Bimetallic catalysts : discoveries, concepts, and applications /

Guardado en:
Autor Principal: Sinfelt, John H. 1931-
Formato: Libro
Idioma:English
Publicado: New York : Wiley, c1983.
Materias:
Etiquetas: Agregar Etiqueta
Sin Etiquetas, Sea el primero en etiquetar este registro!
LEADER 01080pam a22002895a 4500
001 EIQ.libpla000799
008 830425s1983####nyua#####b####001#0#eng#d
005 20060529184237.0
245 1 0 |a Bimetallic catalysts :  |b discoveries, concepts, and applications /  |c John H. Sinfelt. 
260 |a New York :  |b Wiley,  |c c1983. 
300 |a xi, 164 p. :  |b il. ;  |c 24 cm. 
500 |a "An Exxon monograph." 
504 |a Incluye referencias bibliográficas e índice. 
020 |a 0471883212 
100 1 |a Sinfelt, John H.  |q (John Henry),  |d 1931- 
082 0 0 |a 541.3/95  |2 19 
650 4 |a Catálisis  |x Teoría y aplicaciones. 
650 4 |a Catalizadores metálicos  |x Teoría y aplicaciones. 
650 4 |a Catalizadores metálicos  |x Descubrimientos. 
650 4 |a Catálisis  |x Descubrimientos. 
650 4 |a Metal catalysts  |x Theory and applications. 
650 4 |a Metal catalysts  |x Discoveries. 
650 4 |a Catalysis  |x Discoveries. 
650 4 |a Catalysis  |x Theory and applications. 
010 |a  83006738  
040 |a DLC  |c DLC  |d AR-BbSID 
859 |a AR-BbSID  |b BIB. PLAPIQUI  |h 541.395  |i Si 51  |p 1304